Guess the Morgan Wallen Song #2 - Statistics

General Stats
  • This quiz has been taken 3,560 times
  • The average score is 6 of 11
Answer Stats
Lyric Answer % Correct
"Now I'm dodging potholes in my sunburned Silverado..." Sand in My Boots
90%
"I've been pulling 90 to 100 ain't nothing gonna cut it, that's the hard truth." You Proof
71%
"I love you more than the feeling when the bass hits the hook." More Than My Hometown
70%
"All of this time and all of this money; all of these sorries I don't owe you honey." Wasted On You
68%
"Burning going down, burning going down..." Chasing You / Chasin You
67%
"If Imma be single Imma need a double short of that heartbreak..." Whiskey Glasses
65%
"...and know you're enough, to use me for good." Cover Me Up
53%
"What goes around, comes around, came around, and here I am now..." This Side of a Dust Cloud
33%
"Watching the way that the river rolls, then telling it to turn back around." Bandaid On a Bullet Hole
32%
"Find someone else to give Heaven to, I'm telling you." Don't Think Jesus
32%
"I'd play every heartbreak song..." Your Bartender
27%
No matching quizzes found
Score Distribution
Percent of People with Each Score
Percentile by Number Answered
Your Score History
You have not taken this quiz